A new and elegant imperial sheet atlas (Record no. 114176)

MARC details
000 -LEADER
fixed length control field 00545cam a22001935a 4500
001 - CONTROL NUMBER
control field L156316
008 - FIXED-LENGTH DATA ELEMENTS--GENERAL INFORMATION
fixed length control field 120514s1799 xxk f 000 0 eng d
035 ## - SYSTEM CONTROL NUMBER
System control number (Sirsi) u156316
041 0# - LANGUAGE CODE
Language code of text/sound track or separate title eng
100 1# - MAIN ENTRY--PERSONAL NAME
Personal name Laurie, Robert
245 02 - TITLE STATEMENT
Title A new and elegant imperial sheet atlas
260 ## - PUBLICATION, DISTRIBUTION, ETC.
Place of publication, distribution, etc. London
Name of publisher, distributor, etc. Robert Laurie & James Whittle
Date of publication, distribution, etc. 1799
300 ## - PHYSICAL DESCRIPTION
Extent [4] p., 51 plates
Dimensions 56 cm.
583 ## - ACTION NOTE
Action Condition reviewed
Time/date of action 20110620
Status condition level 2
651 #4 - SUBJECT ADDED ENTRY--GEOGRAPHIC NAME
Geographic name International
690 ## - LOCAL SUBJECT ADDED ENTRY--TOPICAL TERM (OCLC, RLIN)
Topical term or geographic name as entry element Geomatics
9 (RLIN) 6242
700 1# - ADDED ENTRY--PERSONAL NAME
Personal name Whittle, James
942 ## - ADDED ENTRY ELEMENTS (KOHA)
Suppress in OPAC 0
Holdings
Withdrawn status Lost status Source of classification or shelving scheme Damaged status Not for loan Home library Current library Shelving location Date acquired Total Checkouts Full call number Barcode Date last seen Copy number Price effective from Koha item type
    Dewey Decimal Classification     Historic collection Historic collection Historic collection 14/05/2012   ATLAS 1799 LAURIE 30077075 06/08/2019 1 06/08/2019 Book